000 00619nam a2200217Ia 4500
003 OSt
005 20220928140703.0
006 a|||||r|||| 00| 0
007 ta
008 220927b |||||||| |||| 00| 0 eng d
024 _a11049
037 _cTextual
040 _aSDCL
_cSDCL
_beng
041 _2eng
_aeng
082 _aX:78.2'N9, N8
100 _aSrivastava M P
_9395386
245 0 _aIntrospection of plan prioiritis human resource development programmes and sectoral activities (1951-1997)
260 _c1998
942 _hX:78.2'N9, N8
_cTEXL
_2CC
999 _c813494
_d813494